Буйство красок еще впереди: сборник стихов

Dettagli Bibliografici
Autore principale: Соколов А. П. Александр Петрович
Riassunto:Соколов Александр Петрович - доцент Томского политехнического университета. Публиковать свои стихи начал в 1999 году, благодаря настоянию и поддержке друзей. В этом сборнике представлены стихотворения, написанные в 2003 - 2007 годах. В сборник включены переводы стихов немецкой поэтессы Онетте фон Дросте-Хюльсхофф. Автор благодарен Галановой О.А. за помощь, оказанную при переводе.
Lingua:russo
Pubblicazione: Томск, Изд-во ТПУ, 2008
Soggetti:
Natura: MixedMaterials Libro
KOHA link:https://koha.lib.tpu.ru/cgi-bin/koha/opac-detail.pl?biblionumber=160363

MARC

LEADER 00000nam0a2200000 4500
001 160363
005 20231031155542.0
035 |a (RuTPU)RU\TPU\book\173899 
090 |a 160363 
100 |a 20090521d2008 m y0rusy50 ca 
101 0 |a rus 
102 |a RU 
105 |a y z 000gy 
200 1 |a Буйство красок еще впереди  |e сборник стихов  |f А. П. Соколов 
210 |a Томск  |c Изд-во ТПУ  |d 2008 
215 |a 44 с. 
330 |a Соколов Александр Петрович - доцент Томского политехнического университета. Публиковать свои стихи начал в 1999 году, благодаря настоянию и поддержке друзей. В этом сборнике представлены стихотворения, написанные в 2003 - 2007 годах. В сборник включены переводы стихов немецкой поэтессы Онетте фон Дросте-Хюльсхофф. Автор благодарен Галановой О.А. за помощь, оказанную при переводе. 
610 1 |a русская литература 
610 1 |a стихи 
610 1 |a поэзия 
675 |a Р2  |v 3 
700 1 |a Соколов  |b А. П.  |g Александр Петрович 
801 1 |a RU  |b 63413507  |c 20090521  |g PSBO 
801 2 |a RU  |b 63413507  |c 20090528  |g PSBO 
942 |c BK